Southwark LBC and another v Mills and others; Baxter v Camden LBC (Record no. 61438)
[ view plain ]
| 000 -LEADER | |
|---|---|
| fixed length control field | 01121cam a2200229 4500 |
| 001 - CONTROL NUMBER | |
| control field | ABS61575 |
| 008 - FIXED-LENGTH DATA ELEMENTS--GENERAL INFORMATION | |
| fixed length control field | 000000n1999 000 0 eng u |
| 035 ## - SYSTEM CONTROL NUMBER | |
| System control number | (Sirsi) u102424 |
| 245 ## - TITLE STATEMENT | |
| Title | Southwark LBC and another v Mills and others; Baxter v Camden LBC |
| 260 ## - PUBLICATION, DISTRIBUTION, ETC. | |
| Date of publication, distribution, etc. | 1999 |
| 490 ## - SERIES STATEMENT | |
| Series statement | Estates Gazette Law Reports |
| Volume/sequential designation | [1999] 45 EG 179-190(12) |
| 520 ## - SUMMARY, ETC. | |
| Summary, etc. | HL 21 October 1999. The appellants were tenants in flats in buildings owned by the respondent council, and claimed that, since the flats had no sound insulation, they could hear noise made by their neighbours going about their everyday business. The tenants brought proceedings against the councils asking them to remedy the situation, however the CA determined that the tenants had no legal remedy. Tenants appealed. "Held" appeals dismissed. |
| 590 ## - LOCAL NOTE (RLIN) | |
| Local note | ABS |
| 650 ## - SUBJECT ADDED ENTRY--TOPICAL TERM | |
| Topical term or geographic name entry element | NOISE NUISANCE |
| 650 ## - SUBJECT ADDED ENTRY--TOPICAL TERM | |
| Topical term or geographic name entry element | DISTURBANCE |
| 650 ## - SUBJECT ADDED ENTRY--TOPICAL TERM | |
| Topical term or geographic name entry element | QUIET ENJOYMENT |
| 650 ## - SUBJECT ADDED ENTRY--TOPICAL TERM | |
| Topical term or geographic name entry element | SOUND INSULATION |
| 650 ## - SUBJECT ADDED ENTRY--TOPICAL TERM | |
| Topical term or geographic name entry element | SOUTHWARK LBC AND ANOTHER V MILLS AND OTHERS |
| 650 ## - SUBJECT ADDED ENTRY--TOPICAL TERM | |
| Topical term or geographic name entry element | BAXTER V CAMDEN LBC |
| 690 ## - LOCAL SUBJECT ADDED ENTRY--TOPICAL TERM (OCLC, RLIN) | |
| Topical term or geographic name as entry element | LANDLORD AND TENANT-CASE LAW-RESIDENTIAL TENANCIES |
| 942 ## - ADDED ENTRY ELEMENTS (KOHA) | |
| Suppress in OPAC | 0 |
| Withdrawn status | Lost status | Source of classification or shelving scheme | Damaged status | Not for loan | Home library | Current library | Shelving location | Date acquired | Total Checkouts | Full call number | Barcode | Date last seen | Copy number | Price effective from | Koha item type |
|---|---|---|---|---|---|---|---|---|---|---|---|---|---|---|---|
| Dewey Decimal Classification | London | London | Journal article | 19/11/1999 | ABS61575 | 102424-1001 | 06/08/2019 | 1 | 06/08/2019 | Law report |